[Event "Lübecker SV-Makkabi Rostock"]
[Site "Greifswald"]
[Date "2017.09.08"]
[Round "4.1"]
[White "Schamber, Dennis"]
[Black "Nassat, Vitus"]
[Result "1/2-1/2"]
[WhiteElo "1696"]
[BlackElo "1685"]
[PlyCount "96"]
[EventDate "2017.??.??"]
[WhiteTeam "Makkabi Rostock"]
[BlackTeam "Lübecker SV"]

1. d4 d5 2. c4 c6 3. Nf3 Nf6 4. Nc3 e6 5. Bf4 Nbd7 6. e3 Be7 7. c5 O-O 8. Bd3
b6 9. b4 a5 10. a3 Ba6 11. Bxa6 Rxa6 12. b5 cxb5 13. c6 Qc8 14. c7 Nh5 15. Nxb5
Nxf4 16. exf4 Ra8 17. Ne5 Nxe5 18. fxe5 Qd7 19. Qd3 f6 20. O-O fxe5 21. dxe5
Bc5 22. Rac1 Rac8 23. a4 Rf4 24. Qb3 Rb4 25. Qc2 Rxb5 26. axb5 Qxb5 27. Kh1
Rxc7 28. f4 Qd7 29. Qb1 g6 30. Rf3 a4 31. g4 a3 32. f5 g5 33. fxe6 Qxe6 34.
Rxa3 Qxg4 35. Rg3 Qf4 36. e6 Re7 37. Rf1 Qe5 38. Qf5 Qxf5 39. Rxf5 h6 40. Rxd5
Rxe6 41. Rf5 Kg7 42. h4 Kg6 43. Rff3 Re1+ 44. Kg2 Rg1+ 45. Kh2 Rxg3 46. Kxg3
Bd6+ 47. Kh3 b5 48. hxg5 hxg5 1/2-1/2

[Event "Lübecker SV-Makkabi Rostock"]
[Site "Greifswald"]
[Date "2017.09.08"]
[Round "4.2"]
[White "Kloerss, Knut"]
[Black "Petrow, Jonas"]
[Result "0-1"]
[WhiteElo "1511"]
[BlackElo "1647"]
[PlyCount "48"]
[EventDate "2017.??.??"]
[WhiteTeam "Lübecker SV"]
[BlackTeam "Makkabi Rostock"]

1. e4 c5 2. g3 e6 3. Bg2 Nc6 4. d3 Nf6 5. c3 d5 6. Qe2 dxe4 7. dxe4 Qc7 8. f4
a6 9. a4 Be7 10. Nh3 O-O 11. O-O Rd8 12. Nf2 b6 13. Ng4 Nxg4 14. Qxg4 Bb7 15.
Qe2 Rd7 16. f5 exf5 17. exf5 Na5 18. Bxb7 Qxb7 19. Qc2 c4 20. Nd2 Bc5+ 21. Rf2
Re8 22. Qd1 Nb3 23. Rb1 Bxf2+ 24. Kxf2 Qd5 0-1

[Event "Lübecker SV-Makkabi Rostock"]
[Site "Greifswald"]
[Date "2017.09.08"]
[Round "4.3"]
[White "Elsken Sicard, Fabian"]
[Black "Schnell, Fabian"]
[Result "1-0"]
[WhiteElo "1326"]
[BlackElo "1225"]
[PlyCount "61"]
[EventDate "2017.??.??"]
[WhiteTeam "Makkabi Rostock"]
[BlackTeam "Lübecker SV"]

1. d4 d5 2. c4 c6 3. Nf3 Nf6 4. Nc3 e6 5. e3 Be7 6. Bd3 Nbd7 7. O-O O-O 8. a3
c5 9. cxd5 cxd4 10. Nxd4 exd5 11. Bc2 Nc5 12. Nf5 Bxf5 13. Bxf5 Qd6 14. b4 Qe5
15. Qc2 Nce4 16. Bxe4 Nxe4 17. Bb2 Nf6 18. Ne2 Qg5 19. Qc7 Ng4 20. h3 Nxe3 21.
fxe3 Qxe3+ 22. Rf2 Rac8 23. Qg3 Bg5 24. Bd4 Qe7 25. Kh1 f6 26. Nc3 Rfe8 27. h4
Bh6 28. Nxd5 Qd8 29. Nxf6+ Kh8 30. Nxe8 Qxd4 31. Rf8# 1-0

[Event "Lübecker SV-Makkabi Rostock"]
[Site "Greifswald"]
[Date "2017.09.08"]
[Round "4.4"]
[White "Rasmussen, Luca-Tom"]
[Black "Tovmasyan, Minas"]
[Result "0-1"]
[WhiteElo "1183"]
[BlackElo "1313"]
[PlyCount "134"]
[EventDate "2017.??.??"]
[WhiteTeam "Lübecker SV"]
[BlackTeam "Makkabi Rostock"]

1. b4 e6 2. Bb2 Nf6 3. b5 c5 4. e3 d5 5. Nf3 Be7 6. Be2 Qb6 7. c4 Bd7 8. a4 a6
9. Qb3 dxc4 10. Bxc4 axb5 11. axb5 Rxa1 12. Bxa1 Qa5 13. Be5 O-O 14. O-O Rd8
15. d4 cxd4 16. Bxd4 Nd5 17. Nc3 Nb6 18. Bd3 Rc8 19. Ne4 Nd5 20. Ra1 Qc7 21.
Qb2 f6 22. h3 e5 23. Qb3 Be6 24. Bb2 Nd7 25. Ba3 Bxa3 26. Qxa3 Nf8 27. Ned2 Nc3
28. Kh1 Nd5 29. Nb3 Bf7 30. Rc1 Qd7 31. Rxc8 Qxc8 32. Qa1 Qc3 33. Qb1 Bg6 34.
Bxg6 hxg6 35. Nbd2 f5 36. Qa2 Qc5 37. Qa5 e4 38. Nd4 b6 39. Qa6 Qc1+ 40. Kh2
Qxd2 41. Qa8 Nf6 42. Ne6 Qd6+ 43. Nf4 g5 44. g3 gxf4 45. exf4 Qc5 46. Qa2+ Kh7
47. Qb2 Nd5 48. Kg2 Nc7 49. g4 Nxb5 50. g5 Ne6 51. Kg3 Qc3+ 52. Qxc3 Nxc3 53.
h4 Ne2+ 54. Kh2 N2xf4 55. Kg1 Nd3 56. Kf1 Nd4 57. h5 b5 58. g6+ Kg8 59. h6 gxh6
60. g7 b4 61. Kg2 b3 62. Kg3 b2 63. Kh4 Kxg7 64. Kh5 b1=Q 65. Kh4 Qg1 66. f4
Nf3+ 67. Kh3 Nf2# 0-1

[Event "SC Kreuzberg-Greifswalder SV"]
[Site "Greifswald"]
[Date "2017.09.08"]
[Round "4.1"]
[White "Troyke, Jannis"]
[Black "Dathe, Frederick"]
[Result "1/2-1/2"]
[WhiteElo "1870"]
[BlackElo "1833"]
[PlyCount "38"]
[EventDate "2017.??.??"]
[WhiteTeam "Greifswalder SV"]
[BlackTeam "SC Kreuzberg"]

1. e4 g6 2. d4 Bg7 3. Nc3 d6 4. f4 a6 5. Nf3 b5 6. Bd3 Nd7 7. e5 Nh6 8. Be4 Rb8
9. O-O O-O 10. Ng5 Nb6 11. a4 b4 12. Ne2 a5 13. Ng3 c5 14. c3 cxd4 15. cxd4
dxe5 16. dxe5 Ba6 17. Re1 Qxd1 18. Rxd1 Rfd8 19. Bc2 Rxd1+ 1/2-1/2

[Event "SC Kreuzberg-Greifswalder SV"]
[Site "Greifswald"]
[Date "2017.09.08"]
[Round "4.2"]
[White "Rose, Luis Stratos"]
[Black "Altenstein, Jonas"]
[Result "1/2-1/2"]
[WhiteElo "1703"]
[BlackElo "1392"]
[PlyCount "55"]
[EventDate "2017.??.??"]
[WhiteTeam "SC Kreuzberg"]
[BlackTeam "Greifswalder SV"]

1. Nf3 d5 2. d3 Nf6 3. g3 Bg4 4. Bg2 e6 5. O-O Bxf3 6. Bxf3 Be7 7. c4 c6 8. Nd2
O-O 9. b3 Nbd7 10. Bb2 Rc8 11. Bg2 Re8 12. e4 Qc7 13. Qe2 h6 14. e5 Nh7 15. f4
Rf8 16. Kh1 a6 17. Rac1 Qa5 18. a3 Qb6 19. f5 Bg5 20. b4 Qe3 21. Qxe3 Bxe3 22.
fxe6 fxe6 23. Rc2 Bxd2 24. Rxd2 Rxf1+ 25. Bxf1 Rf8 26. Kg2 Rf5 27. cxd5 cxd5
28. Rf2 1/2-1/2

[Event "SC Kreuzberg-Greifswalder SV"]
[Site "Greifswald"]
[Date "2017.09.08"]
[Round "4.4"]
[White "Hecht, Jonas Christian"]
[Black "Chauvin, Mano"]
[Result "1-0"]
[WhiteElo "1567"]
[BlackElo "1163"]
[PlyCount "59"]
[EventDate "2017.??.??"]
[WhiteTeam "SC Kreuzberg"]
[BlackTeam "Greifswalder SV"]

1. d4 Nf6 2. Nf3 d6 3. Bg5 Nbd7 4. e3 g6 5. Be2 Bg7 6. Nbd2 e5 7. c3 b6 8. O-O
O-O 9. Nc4 Re8 10. dxe5 dxe5 11. Ncxe5 Nxe5 12. Qxd8 Nxf3+ 13. Bxf3 Rxd8 14.
Bxa8 Ba6 15. Bf3 Bxf1 16. Kxf1 Rd7 17. Ke2 Ne8 18. Bc6 Rd6 19. Bxe8 Re6 20. Bd7
Rd6 21. Rd1 Rxd1 22. Kxd1 f6 23. Bf4 c5 24. Bb8 a6 25. Ba7 b5 26. Bxc5 Kf7 27.
Bc8 a5 28. Bd7 b4 29. cxb4 axb4 30. Bxb4 1-0

[Event "Eintracht Berlin-SAV Torgelow"]
[Site "Greifswald"]
[Date "2017.09.08"]
[Round "4.1"]
[White "Beck, Jules"]
[Black "Zappe, Florian"]
[Result "1/2-1/2"]
[WhiteElo "1483"]
[BlackElo "1699"]
[PlyCount "141"]
[EventDate "2017.??.??"]
[WhiteTeam "SAV Torgelow"]
[BlackTeam "Eintracht Berlin"]

1. e4 d5 2. exd5 Qxd5 3. Nc3 Qd8 4. Bc4 Nf6 5. Nf3 c6 6. d3 e6 7. O-O b5 8. Bb3
Bd6 9. Bg5 Nbd7 10. Ne4 Be7 11. Nxf6+ Nxf6 12. Bf4 O-O 13. Qd2 Bb7 14. Rfe1 a5
15. a4 Re8 16. Ne5 Bd6 17. Bg3 Nh5 18. Nf3 Nxg3 19. fxg3 b4 20. Kh1 c5 21. Rf1
Rf8 22. Rf2 Be7 23. Raf1 Bf6 24. Qc1 Qb6 25. Bc4 Ba6 26. Bxa6 Rxa6 27. b3 h6
28. Qf4 Re8 29. Nd2 Qb7 30. Ne4 e5 31. Qg4 Qc8 32. Nxf6+ Rxf6 33. Qxc8 Rxc8 34.
Rxf6 gxf6 35. Rxf6 e4 36. dxe4 c4 37. Rf1 cxb3 38. cxb3 Rc3 39. Rb1 Re3 40. Kg1
Rxe4 41. Kf2 Re5 42. Re1 Rc5 43. Re3 Rc2+ 44. Re2 Rc5 45. Kf3 Kg7 46. Kf4 f6
47. Re4 Kf7 48. g4 Kg6 49. h4 Kf7 50. g3 Kg6 51. Re7 h5 52. g5 fxg5+ 53. hxg5
Rf5+ 54. Ke4 Rxg5 55. Re6+ Kf7 56. Re5 Rxe5+ 57. Kxe5 Kg6 58. Kf4 Kf6 59. Kf3
Kf5 60. Kf2 Kf6 61. Kf3 Kf5 62. Kf2 Ke6 63. Kf3 Kd5 64. Ke3 Ke5 65. Kd3 Kf5 66.
Ke3 Kg4 67. Kf2 h4 68. gxh4 Kxh4 69. Ke3 Kg3 70. Kd4 Kf3 71. Kd3 1/2-1/2

[Event "Eintracht Berlin-SAV Torgelow"]
[Site "Greifswald"]
[Date "2017.09.08"]
[Round "4.2"]
[White "Straßburg, Robin Leonard"]
[Black "Trömer, Axel"]
[Result "1-0"]
[WhiteElo "1630"]
[BlackElo "1433"]
[PlyCount "61"]
[EventDate "2017.??.??"]
[WhiteTeam "Eintracht Berlin"]
[BlackTeam "SAV Torgelow"]

1. d4 Nf6 2. c4 g6 3. Nc3 Bg7 4. e4 d6 5. f3 e5 6. d5 O-O 7. g4 Ne8 8. Be3 f5
9. gxf5 gxf5 10. h4 fxe4 11. fxe4 Nf6 12. Qd2 Bg4 13. Be2 Nbd7 14. O-O-O Nc5
15. Bxc5 dxc5 16. Kb1 Qe8 17. Rf1 Qg6 18. Bd3 Rf7 19. Nf3 h6 20. Nxe5 Qh5 21.
Nxf7 Qxf7 22. e5 Qe7 23. exf6 Bxf6 24. Qxh6 Bd4 25. Qg6+ Qg7 26. Qxg7+ Kxg7 27.
Rhg1 Bxg1 28. Rxg1 Kh6 29. Rxg4 Re8 30. Ne4 Kh5 31. Nf6+ 1-0

[Event "Eintracht Berlin-SAV Torgelow"]
[Site "Greifswald"]
[Date "2017.09.08"]
[Round "4.3"]
[White "Wolfgramm, Egon"]
[Black "Schulz, Jannis"]
[Result "1/2-1/2"]
[WhiteElo "1239"]
[BlackElo "1553"]
[PlyCount "65"]
[EventDate "2017.??.??"]
[WhiteTeam "SAV Torgelow"]
[BlackTeam "Eintracht Berlin"]

1. d4 d5 2. Nf3 e6 3. Bf4 Bd6 4. Ne5 f5 5. e3 Nf6 6. Be2 O-O 7. c4 c6 8. Nc3
Nbd7 9. c5 Bc7 10. O-O Ne4 11. Nxe4 fxe4 12. Bg4 Nxe5 13. Bxe5 Bxe5 14. dxe5
Qg5 15. f4 exf3 16. Rxf3 Bd7 17. Rxf8+ Rxf8 18. Qd4 Qg6 19. Rf1 Rxf1+ 20. Kxf1
Qb1+ 21. Kf2 Qxa2 22. Qb4 Qa6 23. Qf4 Qd3 24. Kf3 Qg6 25. h4 Qf7 26. Qxf7+ Kxf7
27. Kf4 b5 28. b4 Kg6 29. Bd1 Kf7 30. g4 Ke7 31. Kg5 h6+ 32. Kg6 Kf8 33. Kh7
1/2-1/2

[Event "Eintracht Berlin-SAV Torgelow"]
[Site "Greifswald"]
[Date "2017.09.08"]
[Round "4.4"]
[White "Schulz, Maximilian"]
[Black "Rosenhahn, Nico"]
[Result "1-0"]
[WhiteElo "1505"]
[BlackElo "1211"]
[PlyCount "29"]
[EventDate "2017.??.??"]
[WhiteTeam "Eintracht Berlin"]
[BlackTeam "SAV Torgelow"]

1. d4 d5 2. Nf3 e6 3. e3 Nf6 4. Bd3 Bd6 5. Nbd2 O-O 6. O-O Nbd7 7. e4 dxe4 8.
Nxe4 Nxe4 9. Bxe4 Nf6 10. Bd3 Re8 11. c3 e5 12. dxe5 Bxe5 13. Nxe5 Rxe5 14.
Bxh7+ Kxh7 15. Qxd8 1-0